| 000 | 00706nam a2200205Ia 4500 | ||
|---|---|---|---|
| 003 | OSt | ||
| 005 | 20260310093406.0 | ||
| 008 | 220923b |||||||| |||| 00| 0 eng d | ||
| 037 | _cTextbook | ||
| 040 |
_aRTL _cRTL _beng |
||
| 041 |
_2eng _aeng |
||
| 084 |
_aX:9910r75.1(X).N5 J7/TD _qRTL |
||
| 100 |
_aRaj, K. N. _9127886 |
||
| 245 | 0 | _aEmployment aspects of planning in underdeveloped economies | |
| 260 |
_aCairo _bNational Bank of Egypt _c1957 |
||
| 300 |
_a48 p. _bincludes bibliographical references and index |
||
| 490 | _aNational Bank of Egypt: Fiftieth Anniversary Commemoration Lectures | ||
| 942 |
_hX:9910r75.1(X).N5, J7/TD _cTB _2CC |
||
| 999 |
_c489395 _d489395 |
||